Engineering materials and their applications / (Record no. 544988)

000 -LEADER
fixed length control field 00587nam a2200181 a 4500
020 ## - INTERNATIONAL STANDARD BOOK NUMBER
International Standard Book Number 0395433053
082 00 - DEWEY DECIMAL CLASSIFICATION NUMBER
Classification number 620.11
Author Mark Fli
-- NUST, P-27
100 1# - MAIN ENTRY--PERSONAL NAME
Personal name Flinn, Richard Aloysius,
9 (RLIN) 40733
245 10 - TITLE STATEMENT
Title Engineering materials and their applications /
Statement of responsibility, etc. Richard A. Flinn, Paul K. Trojan.
250 ## - EDITION STATEMENT
Edition statement 4th ed.
260 ## - PUBLICATION, DISTRIBUTION, ETC.
Place of publication, distribution, etc. Boston :
Name of publisher, distributor, etc. Houghton Mifflin,
Date of publication, distribution, etc. c1990.
300 ## - PHYSICAL DESCRIPTION
Extent 1 v. (various pagings) :
Other physical details ill. (some col.) ;
Dimensions 24 cm.
526 ## - STUDY PROGRAM INFORMATION NOTE
Program name 0
Interest level 0
Reading level 0
Title point value 620_110000000000000_FLI
650 #0 - SUBJECT ADDED ENTRY--TOPICAL TERM
Topical term or geographic name entry element Materials.
9 (RLIN) 1466
650 #0 - SUBJECT ADDED ENTRY--TOPICAL TERM
Topical term or geographic name entry element NUST
9 (RLIN) 6342
700 1# - ADDED ENTRY--PERSONAL NAME
Personal name Trojan, Paul K.
9 (RLIN) 40734
942 ## - ADDED ENTRY ELEMENTS (KOHA)
Source of classification or shelving scheme
Koha item type Book
Holdings
Withdrawn status Lost status Source of classification or shelving scheme Damaged status Not for loan Permanent Location Current Location Date acquired Total Checkouts Full call number Barcode Date last seen Price effective from Koha item type
          Military College of Engineering (MCE) Military College of Engineering (MCE) 05/15/2014   620.11 Fli MCE-44170 05/15/2014 05/15/2014 Book
© 2023 Central Library, National University of Sciences and Technology. All Rights Reserved.